MARC details
| 000 -CABECERA |
| campo de control de longitud fija |
02126nam a2200349 i 4500 |
| 001 - NÚMERO DE CONTROL |
| campo de control |
991061426310706706 |
| 003 - IDENTIFICADOR DEL NÚMERO DE CONTROL |
| campo de control |
ES-BaIT |
| 005 - FECHA Y HORA DE LA ÚLTIMA TRANSACCIÓN |
| campo de control |
20250722073007.0 |
| 008 - DATOS DE LONGITUD FIJA--INFORMACIÓN GENERAL |
| campo de control de longitud fija |
250704s2025 sp 000 0 spa|c |
| 017 ## - NÚMERO DE COPYRIGHT O DE DEPÓSITO LEGAL |
| Número de copyright o de depósito legal |
DL M 7284-2025 |
| Agencia que asigna |
Oficina DL Madrid |
| 020 ## - NÚMERO INTERNACIONAL ESTÁNDAR DEL LIBRO |
| Número Internacional Estándar del Libro |
9788410060388 |
| 040 ## - FUENTE DE LA CATALOGACIÓN |
| Centro catalogador/agencia de origen |
ES-BaUB |
| Lengua de catalogación |
cat |
| Normas de descripción |
rda |
| Centro/agencia transcriptor |
ES-BaUB |
| 080 ## - NÚMERO DE LA CLASIFICACIÓN DECIMAL UNIVERSAL |
| Número de la Clasificación Decimal Universal |
792.028:796 |
| 100 ## - ENTRADA PRINCIPAL--NOMBRE DE PERSONA |
| Nombre de persona |
Estaire, Félix, |
| Fechas asociadas al nombre |
1976- |
| Término indicativo de función/relación |
autor |
| 9 (RLIN) |
153223 |
| 245 10 - MENCIÓN DE TÍTULO |
| Título |
Dramaturgia y deporte : |
| Resto del título |
procedimientos y dinámicas de juego en estadios y escenarios / |
| Mención de responsabilidad, etc. |
Félix Estaire |
| 250 ## - MENCIÓN DE EDICIÓN |
| Mención de edición |
Primera edición |
| 264 #1 - PRODUCCIÓN, PUBLICACIÓN, DISTRIBUCIÓN, FABRICACIÓN Y COPYRIGHT |
| Producción, publicación, distribución, fabricación y copyright |
Madrid : |
| Nombre del de productor, editor, distribuidor, fabricante |
Ediciones Antígona, |
| Fecha de producción, publicación, distribución, fabricación o copyright |
2025 |
| 300 ## - DESCRIPCIÓN FÍSICA |
| Extensión |
213 pàgines ; |
| Dimensiones |
23cm |
| 336 ## - TIPO DE CONTENIDO |
| Término de tipo de contenido |
text |
| Código de tipo de contenido |
txt |
| Fuente |
rdacontent |
| 337 ## - TIPO DE MEDIO |
| Nombre/término del tipo de medio |
sense mediació |
| Código del tipo de medio |
n |
| Fuente |
rdamedia |
| 338 ## - TIPO DE SOPORTE |
| Nombre/término del tipo de soporte |
volum |
| Código del tipo de soporte |
nc |
| Fuente |
rdacarrier |
| 490 0# - MENCIÓN DE SERIE |
| Mención de serie |
Serie RESAD, estudios teatrales ; |
| Designación de volumen o secuencia |
52 |
| 504 ## - NOTA DE BIBLIOGRAFÍA, ETC. |
| Nota de bibliografía, etc. |
Bibliografia pàginas: 205-211 |
| 520 ## - SUMARIO, ETC. |
| Sumario, etc. |
"El presente estudio propone una mirada analítica y práctica sobre las relaciones entre las manifestaciones deportivas y la dramaturgia. La pretensión es relacionar las indicaciones de algunas de las más significativas preceptivas dramatúrgicas con determinados manuales, procedimientos o reglamentos deportivos tanto en lo que se refiere a sus planteamientos temáticos como estructurales. Para ello, se analizan y se estudian la práctica, la definición y el manejo de una selección de conceptos dramatúrgicos (progresión dramática, conflicto, etc.) para ver cómo se articulan para componer lo que serían las ‘dramaturgias del deporte’. Se trata de descubrir las estructuras dramáticas que utiliza el deporte para elaborar su ordenación y sus normas y constatar si pretenden, en gran medida, posibilitar espacios de incertidumbre que fomenten la emoción a través de la necesidad de resolver una o varias cuestiones puestas en juego." -- Contracoberta |
| 650 #0 - PUNTO DE ACCESO ADICIONAL DE MATERIA--TÉRMINO DE MATERIA |
| Término de materia o nombre geográfico como elemento de entrada |
Teatre i esports |
| 9 (RLIN) |
155812 |
| 650 #0 - PUNTO DE ACCESO ADICIONAL DE MATERIA--TÉRMINO DE MATERIA |
| Término de materia o nombre geográfico como elemento de entrada |
Esports en el teatre |
| 9 (RLIN) |
155813 |
| 650 #7 - PUNTO DE ACCESO ADICIONAL DE MATERIA--TÉRMINO DE MATERIA |
| Término de materia o nombre geográfico como elemento de entrada |
Dinàmica de grups |
| 9 (RLIN) |
56667 |
| 710 2# - ENTRADA AGREGADA--NOMBRE DE ENTIDAD CORPORATIVA |
| Nombre de entidad corporativa o nombre de jurisdicción como elemento de entrada |
Real Escuela Superior de Arte Dramático |
| Término indicativo de función/relación |
entidad editora |
| 9 (RLIN) |
54771 |
| 908 ## - COLOCAR PARÁMETRO DE COMANDO (RLIN) |
| Colocar parámetro de comando |
CDMAE |
| 940 ## - EQUIVALENCIA O REFERENCIA-CRUZADA--TÍTULO UNIFORME [OBSOLETO] [solamente CAN/MARC] |
| Título uniforme |
<a href="CVA7">CVA7</a> |
| 942 ## - ELEMENTOS DE ENTRADA AGREGADA (KOHA) |
| Fuente del sistema de clasificación o colocación |
Clasificación decimal universal |
| Tipo de ítem Koha |
Llibre |